| 000 | 00932nam a2200181Ia 4500 | ||
|---|---|---|---|
| 008 | 100920s9999 xx 000 0 und d | ||
| 082 |
_b77823 _a891.43 न 01 |
||
| 100 | _aझारी कृष्णदेव. | ||
| 245 | _aचालीस श्रेष्ठ - कहानियाँ प्रेमचन्द की चुनिन्दा कहानियाँ. | ||
| 260 |
_bलिट्रेसी हाऊस, नई दिल्ली. _c2001 |
||
| 300 |
_a397 _bसाधी |
||
| 365 | _b400 | ||
| 520 | _aहिंदी. | ||
| 630 | _aचालीस श्रेष्ठ - कहानियाँ प्रेमचन्द की चुनिन्दा कहानियाँ. | ||
| 650 | _aहिंदी. | ||
| 730 | _aचालीस श्रेष्ठ - कहानियाँ प्रेमचन्द की चुनिन्दा कहानियाँ. | ||
| 942 | _cBOOK | ||
| 999 |
_c719068 _d719065 |
||